Southeast Asia Geography Chain - Statistics

General Stats
  • This quiz has been taken 50 times
  • The average score is 12 of 20
Answer Stats
# Hint Answer % Correct
1 Former name of Thailand Siam
98%
9 World's largest island country, or most populous Muslim country Indonesia
93%
15 What both halves of "Timor-Leste" mean East
91%
5 Ancient city famous for its Wat Angkor
87%
8 Capital of that country's eastern neighbor Hanoi
87%
7 Capital of the country home to the previous two answers Phnom Penh
84%
13 Major city near the delta of the above Yangon
76%
14 Number of dashes in the line that demarcates China's territorial claims in the South China Sea Nine
69%
6 Modern city near the above Siem {Reap}
67%
2 Waterway through which 25% of global trade passes Strait of {Malacca}
67%
18 Planned city built to replace #13 as the capital of Myanmar Naypyidaw
62%
3 Sea bordering Thailand and Myanmar Andaman
56%
12 Largest river in Myanmar Irrawaddy
56%
10 Westernmost province of the above; historically a powerful state on the shores of #2 Aceh
40%
20 If you are standing on the island of Borneo, your antipode is likely in this Brazilian state Amazonas
31%
4 Easternmost major island in the Malay Archipelago New Guinea
31%
17 Island between the South China and Sulu Seas, or the largest province of the Philippines by area Palawan
31%
19 Westernmost province on #4 West Papua
24%
16 Southeast Asia's largest freshwater lake, although its size fluctuates seasonally Tonlé Sap
16%
11 Southeast Asia's highest mountain, at an elevation of 5,881m (19,295ft) Hkakabo Razi
4%
No matching quizzes found
Score Distribution
Percent of People with Each Score
Percentile by Number Answered
Your Score History
You have not taken this quiz